Statistiques concernant Culture Générale - Série 1493

Cliquez ici pour prendre le quiz!

Statistiques générales

  • Ce quiz a été pris 60 fois
  • Le résultat moyen est 5 sur 10

Statistiques - réponses

QuestionRéponse% Correct
Dans quelle capitale d'Europe se trouve l'abbaye de Westminster ?Londres
98%
Outre le Brésil, quel est l'autre pays frontalier du département de la Guyane ?Suriname
87%
Habituellement dans les jeux télévisés, par quel mot anglais signifiant "sirène" désigne-t-on le gros bouton que pressent les candidats ?buzzer
83%
Suite à un referundum, quel pays africain a été partagé en 2 Etats indépendants en juillet 2011 ?Soudan
75%
Quel est la capitale du Bhoutan ?Thimphou
42%
Quel était le nom de scène du chanteur engagé Jean Tenenbaum, disparu en mars 2010 ?Jean Ferrat
37%
Quel est le point culminant de l’Amérique du Sud ?Aconcagua
35%
Quelle bataille, opposant la France à l'Autriche, et qui a donné son nom à une salle de spectacle parisienne , fut remportée par Napoléon le 6 juillet 1809 ?Wagram
23%
Quel nom porte le palais d’hiver du Dalai Lama situé à Lhassa ?Potala
17%
Quel surnom était porté par le roi des Francs Clodion ?Le chevelu
12%

Distribution des résultats

Percentile par nombre de réponses

% des personnes avec chaque résultat

Votre développement - résultats

Vous n’avez pas pris ce quiz